| 000 | 00000nam##2200000za#4500 |
| 001 | 9.690430 |
| 003 | CaOODSP |
| 005 | 20220107111143 |
| 007 | cr ||||||||||| |
| 008 | 150407|2007||||xxc|||||o f|0| 0 eng|d |
| 020 | |a978-0-662-47251-3 |
| 040 | |aCaOODSP|beng |
| 043 | |an-cn--- |
| 086 | 1 |aHP25-4/2007E-PDF |
| 110 | 1 |aCanada.|bDivision of Aging and Seniors. |
| 245 | 10|aGo for it! : |h[electronic resource]|ba guide to choosing and using assistive devices |
| 260 | |aOttawa - Ontario : |bPublic Health Agency of Canada. |c[2008?], c2002. |
| 300 | |a66p.|billus., tables |
| 500 | |a"Reprint 2005, 2007, 2008." |
| 590 | |a12-13-Supp|b2012-04-03 |
| 690 | 07|aAdaptive aids (for persons with disabilities)|2gcpds |
| 775 | 08|tAllez-y! Guide sur le choix et l'utilisation des aides fonctionnelles |w(CaOODSP)9.634794 |
| 856 | 40|ahttp://publications.gc.ca|qPDF|s1506 KB|uhttps://publications.gc.ca/collections/collection_2012/aspc-phac/HP25-4-2007-eng.pdf |